| 000 | 01197cam a2200349 a 4500 | ||
|---|---|---|---|
| 001 | 13834084 | ||
| 003 | OSt | ||
| 005 | 20140527143630.0 | ||
| 008 | 050107s2005 couab b 001 0 eng | ||
| 010 | _a 2005000400 | ||
| 020 | _a1588263479 (pbk. : alk. paper) | ||
| 040 |
_aDLC _cDLC _dDLC |
||
| 050 | 0 | 0 |
_aD 840 _b.M363 2005 |
| 082 | 0 | 0 |
_aIB 327.09045 _bM25 2005 |
| 100 | 1 | _aMcWilliams, Wayne C. | |
| 245 | 1 | 4 |
_aThe world since 1945 : _ba history of international relations / _cWayne C. McWilliams. |
| 250 | _a6th ed. | ||
| 260 |
_aBoulder, Colo. : _bLynne Rienner Publishers, _c2005. |
||
| 300 |
_axi, 617 p. : _bill., maps ; _c23 cm. |
||
| 650 | 0 |
_aWorld politics _y1945-1989. |
|
| 650 | 0 |
_aWorld politics _y1989- |
|
| 650 | 0 |
_aMilitary history, Modern _y20th century. |
|
| 651 | 0 | _aDeveloping countries. | |
| 700 | 1 | _aPiotrowski, Harry. | |
| 856 | 4 | 1 |
_3Table of contents _uhttp://www.loc.gov/catdir/toc/ecip056/2005000400.html |
| 906 |
_a7 _bcbc _corignew _d1 _eecip _f20 _gy-gencatlg |
||
| 942 |
_2lcc _cBK |
||
| 999 |
_c1968 _d1968 |
||